Culture / (Record no. 124440)
[ view plain ]
| 000 -LEADER | |
|---|---|
| fixed length control field | 01242cam a2200397 a 4500 |
| 001 - CONTROL NUMBER | |
| control field | 255550 |
| 003 - CONTROL NUMBER IDENTIFIER | |
| control field | ARRUPE |
| 005 - DATE AND TIME OF LATEST TRANSACTION | |
| control field | 20160323083938.0 |
| 008 - FIXED-LENGTH DATA ELEMENTS--GENERAL INFORMATION | |
| fixed length control field | 840920s1982 cc a 000 0 eng |
| 010 ## - LIBRARY OF CONGRESS CONTROL NUMBER | |
| LC control number | 84102360 |
| 020 ## - INTERNATIONAL STANDARD BOOK NUMBER | |
| International Standard Book Number | 0835109917 |
| 035 ## - SYSTEM CONTROL NUMBER | |
| System control number | (OCoLC)10949083 |
| 035 ## - SYSTEM CONTROL NUMBER | |
| System control number | (OCoLC)ocm10949083 |
| 035 ## - SYSTEM CONTROL NUMBER | |
| System control number | (CStRLIN)NYCG84-B61052 |
| 035 ## - SYSTEM CONTROL NUMBER | |
| System control number | (NNC)255550 |
| 040 ## - CATALOGING SOURCE | |
| Modifying agency | CStRLIN |
| -- | NNC |
| Transcribing agency | Arrupe |
| 041 1# - LANGUAGE CODE | |
| Language code of text/sound track or separate title | engchi |
| 043 ## - GEOGRAPHIC AREA CODE | |
| Geographic area code | a-cc--- |
| 050 0# - LIBRARY OF CONGRESS CALL NUMBER | |
| Classification number | P92.C5 |
| Item number | W4613 1982 |
| 082 0# - DEWEY DECIMAL CLASSIFICATION NUMBER | |
| Classification number | 302.2/34/0951 |
| Edition number | 19 |
| 090 ## - LOCALLY ASSIGNED LC-TYPE CALL NUMBER (OCLC); LOCAL CALL NUMBER (OCLC) | |
| Classification number (OCLC) (R) ; Classification number, CALL (RLIN) (NR) | P92.C5 |
| Local cutter number (OCLC) ; Book number/undivided call number, CALL (RLIN) | W4613 1982 |
| 300 ## - PHYSICAL DESCRIPTION | |
| Other physical details | ill. ; |
| Dimensions | 19 cm. |
| 100 ## - MAIN ENTRY--PERSONAL NAME | |
| Personal name | China Handbook Editorial Committee |
| 9 (RLIN) | 23279 |
| 130 0# - MAIN ENTRY--UNIFORM TITLE | |
| Uniform title | Wen hua shi ye. |
| Language of a work | English. |
| 9 (RLIN) | 23209 |
| 245 10 - TITLE STATEMENT | |
| Title | Culture / |
| Statement of responsibility, etc | compiled by the China Handbook Editorial Committee ; translated by Liang Liangxing and Zhu Peiyu. |
| 250 ## - EDITION STATEMENT | |
| Edition statement | 1st ed. |
| 260 ## - PUBLICATION, DISTRIBUTION, ETC. (IMPRINT) | |
| Place of publication, distribution, etc | Beijing : |
| Name of publisher, distributor, etc | Foreign Languages Press, |
| Date of publication, distribution, etc | 1982. |
| 300 ## - PHYSICAL DESCRIPTION | |
| Extent | 141 p., [12] p. of leaves : |
| 490 1# - SERIES STATEMENT | |
| Series statement | China handbook series |
| 500 ## - GENERAL NOTE | |
| General note | Translation of: Wen hua shi ye. |
| 650 #0 - SUBJECT ADDED ENTRY--TOPICAL TERM | |
| Topical term or geographic name as entry element | Mass media |
| Geographic subdivision | China. |
| 9 (RLIN) | 23210 |
| 700 1# - ADDED ENTRY--PERSONAL NAME | |
| Personal name | Liang, Liangxing. |
| 9 (RLIN) | 23211 |
| Relator term | tr. |
| 700 1# - ADDED ENTRY--PERSONAL NAME | |
| Personal name | Zhu, Peiyu. |
| 9 (RLIN) | 23212 |
| Relator term | tr. |
| 830 #0 - SERIES ADDED ENTRY--UNIFORM TITLE | |
| Uniform title | China handbook series. |
| 9 (RLIN) | 23214 |
| 942 ## - ADDED ENTRY ELEMENTS (KOHA) | |
| Source of classification or shelving scheme | Library of Congress Classification |
| Koha item type | Monograph ( Printed materials) |
| Withdrawn status | Lost status | Source of classification or shelving scheme | Damaged status | Not for loan | Collection code | Home library | Current library | Shelving location | Date acquired | Total Checkouts | Full call number | Barcode | Date last seen | Price effective from | Koha item type |
|---|---|---|---|---|---|---|---|---|---|---|---|---|---|---|---|
| Library of Congress Classification | Main Collection | ARRUPE LIBRARY | ARRUPE LIBRARY | Main Collection | 22/03/2016 | P92.C5 W4613 1982 | 46500007091 | 26/02/2019 | 22/03/2016 | Monograph ( Printed materials) |